[Event "Ch Hungary (team) 2001/02 (3 liga)"]
[Site "masterchessopen.com – Hungary"]
[Date "2002.02.10"]
[Round "7"]
[White "Vass Viktor (HUN)"]
[Black "Gallai Janos (HUN)"]
[Result "1-0"]
[WhiteElo "2207"]
[BlackElo "2290"]

1.e4 e6 2.d4 d5 3.Nd2 f5 4.exf5 exf5 5.Ngf3 Nf6 6.Bd3 Bd6 7.O-O O-O 8.c4 c6
9.Ne5 g6 10.Ndf3 Nbd7 11.Bh6 Re8 12.Re1 Bxe5 13.dxe5 Ne4 14.cxd5 cxd5 15.Bxe4
dxe4 16.Qd5+ Kh8 17.Qf7 Rg8 18.Ng5 Nf8 19.Bxf8 Qxg5 20.Be7 Rg7 21.Qf8+ Rg8
22.Bf6+ Qxf6 23.Qxf6+ Rg7 24.Rad1 {#r} 1-0

[Event "It (open)"]
[Site "masterchessopen.com – Zalakaros (Hungary)"]
[Date "2002.05.24"]
[Round "2"]
[White "Szekely Ferenc (HUN)"]
[Black "Bogdanov Valentin (UKR)"]
[Result "0-1"]
[WhiteElo "2216"]
[BlackElo "2403"]

1.e4 e6 2.d4 d5 3.Nd2 a6 4.Bd3 c5 5.exd5 exd5 6.Qe2+ Qe7 7.dxc5 Qxe2+ 8.Nxe2
Bxc5 9.O-O Nc6 10.Nb3 Ba7 11.c3 Nge7 12.Bf4 Bf5 13.Rad1 O-O-O 14.Rfe1 Bxd3
15.Rxd3 Ng6 16.Bg3 Rhe8 17.Rd2 f5 18.h3 f4 19.Bh2 f3 20.gxf3 Nh4 21.Rd3 Rf8
22.f4 Ne5 {#R} 0-1

[Event "Hessenliga 2002/03"]
[Site "masterchessopen.com – Germany"]
[Date "2002.09.22"]
[Round "1"]
[White "Wilhelm Jochen (GER)"]
[Black "Kargoll Herbert (GER)"]
[Result "1-0"]
[WhiteElo "2199"]
[BlackElo "2221"]

1.e4 e6 2.d4 d5 3.Nd2 f5 4.exf5 exf5 5.Bd3 Nf6 6.Ndf3 Bd6 7.Ne2 Nc6 8.c3 Ne7
9.Ne5 O-O 10.O-O c5 11.Bg5 c4 12.Bc2 Qc7 13.Bxf6 Rxf6 14.f4 Be6 15.Rf2 Raf8
16.Ng3 Rh6 17.Qf3 Nc8 18.Re1 Be7 19.Rfe2 Qb6 20.Nd7 {#r} 1-0

[Event "It (open)"]
[Site "masterchessopen.com – Balaguer (Spain)"]
[Round "9"]
[White "Lorenzo De La Riva Lazaro (ESP)"]
[Black "Foisor Ovidiu Doru (ROM)"]
[Result "0-1"]
[WhiteElo "2324"]
[BlackElo "2376"]

1.e4 e6 2.d4 d5 3.Nd2 Be7 4.e5 c5 5.Qg4 Kf8 6.Ndf3 Nc6 7.dxc5 f6 8.Bf4 Bxc5
9.Bd3 Qa5+ 10.c3 Qb6 11.Ne2 Bxf2+ 12.Kf1 Be3 13.g3 Nh6 14.Qh4 fxe5 15.Nxe5
Nxe5 16.Bxe5 Nf7 17.Kg2 g5 18.Qh5 Nxe5 19.Qh6+ Kg8 20.Raf1 Bd7 21.Rf6 Ng4
22.Rg6+ hxg6 23.Qxg6+ Kf8 24.h3 e5 {#R} 0-1

[Event "Ch Serbia & Montenegro (team) (2 league)"]
[Site "masterchessopen.com – Belgrade (Yugoslavia)"]
[Round "7"]
[White "Dimitrijevic Aleksandra (SRB)"]
[Black "Certic Branimir (SRB)"]
[Result "0-1"]
[WhiteElo "2289"]
[BlackElo "2424"]

1.e4 e6 2.d4 d5 3.Nd2 Nd7 4.Ngf3 Ne7 5.e5 c5 6.c3 Nc6 7.Be2 cxd4 8.cxd4 Qb6
9.Qa4 Be7 10.O-O O-O 11.Rd1 f6 12.exf6 Nxf6 13.Nf1 Bd7 14.Qc2 Rac8 15.Qb1 Be8
16.a3 Bg6 17.Bd3 Nxd4 18.Bxg6 Ne2+ 19.Kh1 Ng4 20.Bxh7+ Kh8 21.h3 Nxf2+ 22.Kh2
Bd6+ 23.g3 Nxd1 {#R} 0-1

[Event "Ch Hungary (w)"]
[Site "masterchessopen.com – Budapest (Hungary)"]
[Round "3"]
[White "Lakos Nikoletta (HUN)"]
[Black "Toth Lili (HUN)"]
[Result "1-0"]
[WhiteElo "2359"]
[BlackElo "2157"]

1.e4 e6 2.d4 d5 3.Nd2 Ne7 4.Ngf3 c5 5.dxc5 Nec6 6.exd5 Qxd5 7.Bc4 Qxc5 8.O-O
Nd7 9.b3 Nf6 10.Bb2 Be7 11.Qe2 O-O 12.Rfd1 Rd8 13.a3 Nb8 14.Ne5 Nd5 15.Qh5 g6
16.Qf3 f5 17.Ne4 Qc7 18.Nc3 Qxe5 19.Nxd5 Qxb2 20.Nxe7+ Kf7 21.Nxc8 Nc6 22.Rxd8
Qxa1+ 23.Rd1 {#r} 1-0

[Event "Ch Slovenia (team)"]
[Site "masterchessopen.com – Celje (Slovenia)"]
[Round "3"]
[White "Justin Matjaz (SLO)"]
[Black "Farago Ivan (HUN)"]
[Result "0-1"]
[WhiteElo "2372"]
[BlackElo "2455"]

{ Farago Ivan (HUN) +1 =2 -1 } 1.e4 { 1 } 1...e6 2.d4 d5 3.Nd2 Be7 4.Ngf3 Nf6
5.Bd3 c5 6.dxc5 { ?/= } 6...dxe4 ( 6...Nc6 7.O-O Bxc5 8.Qe2 O-O 9.c3 Be7
10.exd5 Qxd5 11.Ne4 Rd8 12.Nxf6+ Bxf6 13.Be4 Qh5 14.Nd4 Qxe2 15.Nxe2 e5 16.f4
Be6 17.fxe5 Bxe5 18.Nf4 Bc4 19.Re1 Re8 20.Be3 Bc7 21.Bxc6 bxc6 22.b3 Ba6
23.Kf2 Re4 24.g3 Rae8 25.Bxa7 Bxf4 26.gxf4 { ...0-1, Zozulia Anna 2371 -
Dmitrenko Viktor 2301 , Sevastopol 2000 Ch Ukraine } ) 7.Nxe4 ( 7.Bxe4 Na6
8.Bd3 Nxc5 9.Bb5+ Bd7 10.Bxd7+ Qxd7 11.O-O O-O 12.b3 Rfd8 13.Bb2 Qb5 14.Re1
Rac8 15.a4 Qa6 16.Qe2 Qxe2 17.Rxe2 Nd5 18.g3 Bf6 19.Bxf6 gxf6 20.Nf1 Nc3
21.Rd2 Na6 22.Ne3 Nb4 23.Kg2 Kg7 24.Re1 f5 25.Rd4 Ncd5 26.Re2 Nxe3+ { ...1-0,
Georgiev Kiril 2660 - Lputian Smbat G 2615 , Sarajevo 1998 It (cat.15) } )
7...Nxe4 8.Bxe4 Qxd1+ 9.Kxd1 Bxc5 10.Ke2 Nd7 11.c3 ( 11.Rd1 Ke7 12.c4 Nf6
13.Bc2 b6 14.b3 Bb7 15.Bb2 Rhd8 16.Ne5 h5 17.f3 { 1/2-1/2, Akopian Vladimir
2660 - Korchnoi Viktor 2620 , Calcutta 2000 It (open) } ) 11...Nf6 12.Bd3 (
12.Bc2 b6 13.Be3 Bxe3 14.fxe3 Ke7 15.Rhd1 Ba6+ 16.Bd3 Bb7 17.Bc2 g5 18.a4 g4
19.Ne1 a5 20.Rd2 Rhg8 21.Rad1 Rg5 22.g3 h5 23.Kf2 h4 24.Ng2 hxg3+ 25.hxg3 Bf3
26.Rc1 Be4 27.Rd4 Rf5+ 28.Kg1 Bxc2 29.Rxc2 Rf3 30.Rf2 e5 31.Rc4 Rd8 { ...0-1,
Kalod Radek 2440 - Shulman Yuri 2559 , Czech Republic 1999 Extra League
1998/99 } ) 12...Ke7 ( 12...b6 13.Ne5 Bb7 14.f3 Ke7 15.Bg5 h6 16.Bh4 g5 17.Bf2
Bd6 18.Nc4 Nd5 19.Nxd6 Nf4+ 20.Kd2 Kxd6 21.Bg3 Ke7 22.Bxf4 gxf4 23.Ke2 h5
24.Rhd1 h4 25.h3 Rhg8 26.Kf2 Rad8 27.a4 Rg5 28.Be4 Bd5 29.Rd4 Bb3 30.Rxd8 Kxd8
31.Ra3 Bd5 32.Ra1 { ...1/2-1/2, Balogh Csaba 2441 - Erdos Viktor 2446 ,
Budapest 2002 It (cat.8) } ) 13.Bf4 { N } ( 13.b4 Bd6 14.Bg5 h6 15.Bxf6+ Kxf6
16.Rhd1 Ke7 17.Nd4 f5 18.g3 Rd8 19.f4 g5 20.Ke3 Kf6 21.Nb5 Be7 22.Bc4 Bd7
23.Rd4 a6 24.Nd6 Bxd6 25.Rxd6 Ba4 26.Rxd8 Rxd8 27.Bb3 Bc6 28.a4 e5 29.fxe5+
Kxe5 30.Rd1 f4+ 31.gxf4+ gxf4+ 32.Kf2 Rxd1 { ...1/2-1/2, Havasi Tamas 2110 -
Haag Ervin 2355 , Hungary 1991 Ch Hungary (team) (3 liga) } ) ( 13.Be3 Bxe3
14.Kxe3 Nd5+ 15.Kd2 Nf4 16.Bf1 b6 17.g3 Bb7 18.Ke3 Nd5+ 19.Ke2 Rhd8 20.Rg1 b5
21.Nd2 a5 22.Bg2 Ba6 23.Rgd1 Rac8 24.Rac1 Nb6 25.Ke1 Na4 26.Rc2 Nc5 27.Bf1
Nd3+ 28.Bxd3 Rxd3 29.Nb3 Rxd1+ 30.Kxd1 a4 31.Nd4 g6 32.f4 h6 { ...1-0, Drabke
Lorenz 2102 - Castaldo Folco 2225 , Bratto 1999 It (open) } ) 13...Rd8 { }
14.Rhd1 { } ( 14.Bc7 { !? } 14...Rf8 15.Bg3 b6 16.Rad1 { } ) 14...b6 15.b4 { }
( 15.Rd2 { !? } 15...Bb7 16.Rad1 Bd6 17.Bxd6+ { } ) 15...Bd6 16.Bxd6+ Rxd6
17.Bc4 { ?! } ( 17.c4 { !? } 17...Bb7 18.Bc2 Rxd1 19.Rxd1 { } ) 17...Rc6
18.Kd3 { } ( 18.Bd3 { !? } 18...Nd5 19.Kd2 Rxc3 20.Be4 { } ) 18...Bb7 19.Ne5
Rc7 20.f3 Rac8 21.a4 { ?! } ( 21.Bb3 { !? } 21...Rxc3+ 22.Ke2 Nd5 23.Kf2 { } )
21...Nd7 { } {#R} 0-1

[Event "Ch France (juniors) (under 18)"]
[Site "masterchessopen.com – France"]
[Round "4"]
[White "Monroy Charles (FRA)"]
[Black "Gozzoli Yannick (FRA)"]
[Result "1-0"]
[WhiteElo "2299"]
[BlackElo "2431"]

1.e4 e6 2.d4 d5 3.Nd2 Be7 4.Ngf3 Nf6 5.e5 Nfd7 6.Bd3 c5 7.c3 Nc6 8.O-O g5
9.dxc5 Ndxe5 10.Bc2 Bd7 11.Re1 Qc7 12.b4 Bf6 13.Nb3 g4 14.Nfd4 Ne7 15.Bf4
O-O-O 16.Bg3 Bg7 17.Qe2 f6 18.a4 N7g6 19.Nb5 Bxb5 20.axb5 f5 21.Rxa7 f4 22.c6
fxg3 23.Ra8+ {#r} 1-0

[Event "Ch France (team) (2) 2002/03"]
[Site "masterchessopen.com – France"]
[Round "8"]
[White "Renault Mael (FRA)"]
[Black "Peric Slavisa (SRB)"]
[Result "0-1"]
[WhiteElo "2056"]
[BlackElo "2278"]

1.e4 e6 2.d4 d5 3.Nd2 Be7 4.Ngf3 Nf6 5.Bd3 c5 6.c3 Nc6 7.O-O O-O 8.dxc5 Bxc5
9.exd5 Qxd5 10.Qc2 Rd8 11.Ne4 Qxd3 12.Qxd3 Rxd3 13.Nxc5 Rd5 14.Nb3 b6 15.Bf4
Ba6 16.Rfe1 h6 17.h3 Rad8 18.Nbd4 Bb7 19.Nxc6 Bxc6 20.Nd4 Bb7 21.f3 R5d7 22.g4
Rd5 23.Kf2 Nd7 24.Be3 Nc5 25.Red1 e5 {#R} 0-1

[Event "corr."]
[Site "masterchessopen.com – France"]
[Round "0"]
[White "Jourdain Antoine (FRA)"]
[Black "Rodriguez Patrick"]
[Result "0-1"]
[WhiteElo "1833"]
[BlackElo "1750"]

1.e4 e6 2.d4 d5 3.Nd2 Nc6 4.c3 e5 5.Ngf3 dxe4 6.Nxe4 exd4 7.Bb5 Bd7 8.O-O Nf6
9.Bg5 Be7 10.Re1 O-O 11.Nxf6+ Bxf6 12.Bxf6 Qxf6 13.Nxd4 Rad8 {#R} 0-1

[Event "Ch Serbia & Montenegro (team)"]
[Site "masterchessopen.com – Golubac (Yugoslavia)"]
[Round "0"]
[White "Marinkovic Ivan (SRB)"]
[Black "Djukic Zeljko (SRB)"]
[Result "1-0"]
[WhiteElo "2447"]
[BlackElo "2412"]

1.e4 e6 2.d4 d5 3.Nd2 Be7 4.exd5 exd5 5.Bd3 Bd6 6.c3 Nc6 7.Ne2 Nge7 8.Qc2 Bg4
9.Nf1 Bh5 10.f4 Bxe2 11.Qxe2 Qd7 12.g4 O-O-O 13.Ng3 g6 14.Be3 h5 15.gxh5 gxh5
16.O-O-O h4 17.Nf1 Qh3 18.Nd2 Nf5 19.Qf3 {#r} 1-0

[Event "Ch World (juniors) (under 12)"]
[Site "masterchessopen.com – Halkidiki (Greece)"]
[Round "3"]
[White "Homatidis Panagiotis (GRE)"]
[Black "Leniart Arkadiusz (POL)"]
[Result "0-1"]
[WhiteElo "2106"]
[BlackElo "2235"]

1.e4 e6 2.d4 d5 3.Nd2 Nc6 4.c3 e5 5.exd5 Qxd5 6.Qe2 Bf5 7.Nb3 O-O-O 8.Be3 exd4
9.Nxd4 Nxd4 10.Bxd4 Nf6 11.Qf3 Qe6+ 12.Be2 Be4 13.Qg3 Nh5 14.Qg4 f5 15.Qg5 h6
16.Qe3 Nf4 17.Bf1 c5 18.Qxf4 cxd4 19.Ne2 d3 20.Nd4 Rxd4 21.cxd4 Bb4+ 22.Kd1
Bf3+ 23.Qxf3 Qe1# 0-1

[Event "Cup World IPCA"]
[Site "masterchessopen.com – Hrabyne"]
[Round "1"]
[White "Cempel Jaroslav (CZE)"]
[Black "Zidek Vaclav (CZE)"]
[Result "1-0"]
[WhiteElo "2251"]
[BlackElo "1994"]

1.e4 e6 2.d4 d5 3.Nd2 Be7 4.c3 dxe4 5.Nxe4 Nd7 6.Bd3 Ngf6 7.Nf3 Nxe4 8.Bxe4
Nf6 9.Bc2 O-O 10.Bg5 b6 11.Qd3 g6 12.h4 Bb7 13.Qe2 c5 14.O-O-O Qc7 15.h5 Rfd8
16.hxg6 hxg6 17.Rh4 Nd5 18.Rdh1 Bf6 19.Bxg6 fxg6 20.Qxe6+ Qf7 21.Rh8+ Bxh8
22.Rxh8+ Kxh8 23.Qxf7 Rg8 24.Bh6 {#r} 1-0

[Event "Memorial Pablo Gorbea (open)"]
[Site "masterchessopen.com – Madrid (Spain)"]
[Round "4"]
[White "Trujillo Delgado Dafnae (ESP)"]
[Black "Palacios Llorente Javier (ESP)"]
[Result "1-0"]
[WhiteElo "2155"]
[BlackElo "1820"]

1.e4 e6 2.d4 d5 3.Nd2 Nc6 4.c3 e5 5.exd5 Qxd5 6.Ngf3 Bg4 7.Qa4 Bxf3 8.Nxf3
Qe4+ 9.Be3 exd4 10.Bb5 O-O-O 11.Bxc6 Qxc6 12.Qxc6 bxc6 13.Nxd4 Kb7 14.O-O-O
Nf6 15.Bg5 Be7 16.Nf5 Rxd1+ 17.Rxd1 Bd8 18.Nxg7 Kc8 19.Rxd8+ Rxd8 20.Bxf6 Rd5
21.g4 Kd7 22.Nf5 Rd3 23.Ne3 Rd6 24.g5 h6 25.Nf5 {#r} 1-0

[Event "Ch Commonwealth"]
[Site "masterchessopen.com – Mumbai (India)"]
[Round "7"]
[White "Ramesh R B (IND)"]
[Black "Sahu Sekhar Chandra (IND)"]
[Result "0-1"]
[WhiteElo "2465"]
[BlackElo "2308"]

1.e4 e6 2.d4 d5 3.Nd2 Ne7 4.Ngf3 Ng6 5.h4 h5 6.e5 c5 7.Nb3 c4 8.Nbd2 Nc6 9.g3
f6 10.Be2 fxe5 11.Nxe5 Ngxe5 12.dxe5 Nxe5 13.Bxh5+ g6 14.Be2 Bc5 15.O-O Rxh4
16.gxh4 Qxh4 17.Nf3 Qg4+ 18.Kh1 Nxf3 {#R} 0-1

[Event "Dos Hermanas Qualifier (17-A)"]
[Site "masterchessopen.com – Internet"]
[Date "2003.03.17"]
[Round "3"]
[White "Balogh Csaba (HUN)"]
[Black "Djurhuus Rune (NOR)"]
[Result "1-0"]
[WhiteElo "2527"]
[BlackElo "2473"]

1.e4 e6 2.d4 d5 3.Nd2 Be7 4.e5 c5 5.Qg4 g6 6.Ndf3 Nc6 7.dxc5 Bxc5 8.Bd3 Qb6
9.Nh3 Bd7 10.O-O O-O-O 11.c3 Bf8 12.Nhg5 Nh6 13.Qf4 Bg7 14.Nxf7 Rhf8 15.Nd6+
Kb8 16.Qh4 Nf5 17.Bxf5 gxf5 18.Bg5 Nxe5 19.Nxe5 Bxe5 20.Bxd8 Qxd6 21.Be7 {#r}
1-0

[Event "It (open) (b)"]
[Site "masterchessopen.com – Ditzingen (Germany)"]
[Date "2003.06.01"]
[Round "6"]
[White "Much Egon"]
[Black "Buechele Markus"]
[Result "0-1"]
[WhiteElo "1751"]
[BlackElo "1721"]

1.e4 e6 2.d4 d5 3.Nd2 Nc6 4.c3 e5 5.exd5 Qxd5 6.Ngf3 exd4 7.Bc4 Qh5 8.Qe2+ Be7
9.cxd4 Bg4 10.Qe3 Nf6 11.O-O O-O-O 12.Ne5 Nxd4 13.Nxf7 Rhe8 14.Qc3 Ne2+
15.Bxe2 Bxe2 16.Nxd8 Bxf1 17.Nf3 Rxd8 18.Kxf1 Qb5+ 19.Kg1 Rd1+ 20.Ne1 Bb4
21.Qh3+ Kd8 22.Bd2 Rxa1 23.Bxb4 Qxb4 24.Qd3+ Ke8 25.Qe3+ Qe7 {#R} 0-1

[Event "It (open) \"]
[Site "masterchessopen.com – Valencia (Spain)"]
[Date "2003.10.02"]
[Round "5"]
[White "Gimeno Higueras Roberto (ESP)"]
[Black "Pallardo Lozoya Jose Vicente (ESP)"]
[Result "0-1"]
[WhiteElo "2121"]
[BlackElo "2257"]

1.e4 e6 2.d4 d5 3.Nd2 Be7 4.c3 Nf6 5.e5 Nfd7 6.Bd3 c5 7.Ne2 Nc6 8.f4 g6 9.Nf3
b6 10.Qc2 c4 11.Qa4 cxd3 12.Qxc6 Rb8 13.Ng3 b5 14.c4 Rb6 15.Qa8 bxc4 16.f5 Qc7
17.fxe6 fxe6 18.Ne4 Rb8 19.Nd6+ Bxd6 20.exd6 Qb6 21.Qxb8 Qxb8 22.Bh6 Qb4+
23.Nd2 Qxb2 24.O-O Qxd4+ {#R} 0-1

[Event "It (open)"]
[Site "masterchessopen.com – Goch (Germany)"]
[Date "2003.10.03"]
[Round "3"]
[White "Cevik Guersal (GER)"]
[Black "Schording Sascha"]
[Result "0-1"]
[WhiteElo "1985"]
[BlackElo "1403"]

1.e4 e6 2.d4 d5 3.Nd2 Bb4 4.c3 Ba5 5.Qa4+ Nc6 6.Bb5 Bb6 7.e5 Bd7 8.Qd1 Nxe5
9.Be2 Ng6 10.g3 N8e7 11.h4 c5 12.h5 Nf8 13.Ngf3 cxd4 14.Nxd4 Bxd4 15.cxd4 Qb6
16.Nb3 Ba4 17.O-O Bxb3 18.axb3 Nf5 19.Be3 Nxe3 20.fxe3 g6 21.Qd3 Nd7 22.Rac1
Ke7 23.e4 dxe4 24.Qxe4 Qxb3 25.Rc7 Qxg3+ {#R} 0-1

[Event "Ch Russia (juniors) (under 10)"]
[Site "masterchessopen.com – Dagomys (Russia)"]
[Round "8"]
[White "Nazarov Ilya (RUS)"]
[Black "Palachev Petr (RUS)"]
[Result "1-0"]
[WhiteElo "1934"]
[BlackElo "2278"]

1.e4 e6 2.d4 d5 3.Nd2 c6 4.Bd3 b6 5.Ne2 Bb7 6.Ng3 Bd6 7.O-O Bxg3 8.fxg3 dxe4
9.Nxe4 Qxd4+ 10.Kh1 Qd7 11.Bf4 Na6 12.Nd6+ Ke7 13.Qg4 g6 14.Rad1 Kf8 15.Be5 f6
16.Nxb7 Qxb7 17.Bxf6 Nxf6 18.Rxf6+ Kg7 19.Rxe6 Rhd8 20.Qg5 Rd7 21.Rde1 Rf8
22.Re7+ Rf7 23.Qe5+ Kh6 24.Rxd7 Rxd7 25.Qf4+ Kg7 {#r} 1-0

[Event "Ch Russia (juniors) (under 18)"]
[Site "masterchessopen.com – Dagomys (Russia)"]
[Round "8"]
[White "Anisimov Pavel (RUS)"]
[Black "Eraschenkov Denis (RUS)"]
[Result "1-0"]
[WhiteElo "2470"]
[BlackElo "2390"]

1.e4 e6 2.d4 d5 3.Nd2 Be7 4.e5 c5 5.Qg4 g6 6.dxc5 Bxc5 7.Nb3 Bb6 8.Nf3 Ne7
9.Bg5 Qc7 10.Bf6 Rf8 11.Nbd4 Ba5+ 12.Kd1 a6 13.Qh4 h5 14.Bd3 Nec6 15.c3 Bd7
16.Ne2 Bc8 17.Nf4 Ne7 18.Ng5 Nbc6 19.Nh7 Nxe5 20.Nxf8 Nxd3 21.Nxd3 Kxf8 22.g4
e5 23.gxh5 {#r} 1-0

[Event "Ch Russia (juniors) (under 18) (g)"]
[Site "masterchessopen.com – Dagomys (Russia)"]
[Round "0"]
[White "Molkova Oksana (RUS)"]
[Black "Zakharova Alexandra (RUS)"]
[Result "0-1"]
[WhiteElo "2147"]
[BlackElo "2148"]

1.e4 e6 2.d4 d5 3.Nd2 Nc6 4.c3 e5 5.exd5 Qxd5 6.Ngf3 exd4 7.Bc4 Qh5 8.cxd4 Be6
9.Bxe6 fxe6 10.Qb3 O-O-O 11.Qxe6+ Kb8 12.O-O Bd6 13.h3 Nf6 14.Ne4 Rde8 15.Nxf6
gxf6 16.Qg4 Qd5 17.Re1 Nxd4 18.Be3 Re4 19.Bxd4 Rxg4 20.hxg4 b6 21.Bxf6 Rg8
22.Ne5 Kb7 23.g5 Bc5 {#R} 0-1

[Event "Ch France (juniors) (under 20)"]
[Site "masterchessopen.com – France"]
[Round "1"]
[White "Schoucair Henry (FRA)"]
[Black "Libiszewski Fabien (FRA)"]
[Result "0-1"]
[WhiteElo "2106"]
[BlackElo "2419"]

1.e4 e6 2.d4 d5 3.Nd2 Be7 4.Ngf3 Nf6 5.e5 Nfd7 6.Bd3 c5 7.c3 Nc6 8.O-O g5
9.Nxg5 Bxg5 10.f4 Be7 11.f5 Qb6 12.fxe6 fxe6 13.Qh5+ Kd8 14.Nf3 cxd4 15.cxd4
Ndxe5 16.Nxe5 Qxd4+ 17.Kh1 Nxe5 18.Bg5 Nxd3 19.Bxe7+ Kxe7 20.Rf7+ Kd6 21.Rd1
Nf2+ {#R} 0-1

[Event "It \"]
[Site "masterchessopen.com – Connecticut (USA)"]
[Date "2004.04.09"]
[Round "5"]
[White "Sena Juan (DOM)"]
[Black "Watson John L (USA)"]
[Result "1-0"]
[WhiteElo "2200"]
[BlackElo "2349"]

1.e4 e6 2.d4 d5 3.Nd2 Be7 4.Bd3 c5 5.dxc5 Nf6 6.Qe2 Nc6 7.Ngf3 O-O 8.a3 a5
9.O-O Nd7 10.exd5 exd5 11.Nb3 a4 12.Nbd4 Nxc5 13.Bb5 Bd7 14.Bxc6 bxc6 15.Ne5
Bf6 16.Nxd7 Qxd7 17.Be3 Rfe8 18.Rad1 Rab8 19.c3 Qb7 20.Nf5 Qd7 21.Qg4 Re4
22.Qf3 Ne6 23.Qxe4 {#r} 1-0

[Event "Ch Ukraine (w)"]
[Site "masterchessopen.com – Alushta (Ukraine)"]
[Date "2004.05.12"]
[Round "9"]
[White "Chulivska Vita (UKR)"]
[Black "Maiko Alina (UKR)"]
[Result "0-1"]
[WhiteElo "2197"]
[BlackElo "2090"]

1.e4 e6 2.d4 d5 3.Nd2 Ne7 4.Ngf3 dxe4 5.Nxe4 Nbc6 6.c3 b6 7.Bd3 Bb7 8.O-O Qd5
9.Re1 h6 10.Bf4 O-O-O 11.Bg3 f5 12.Ned2 b5 13.b4 Ng6 14.Nb3 h5 15.h4 a6 16.Qe2
Re8 17.Ne5 Ncxe5 {#R} 0-1

[Event "It (open)"]
[Site "masterchessopen.com – Znojmo (Czech Republic)"]
[Date "2004.05.16"]
[Round "2"]
[White "Jasny Stanislav (CZE)"]
[Black "Scholz Alexander (GER)"]
[Result "1-0"]
[WhiteElo "1858"]
[BlackElo "2084"]

1.e4 e6 2.d4 d5 3.Nd2 b6 4.c3 dxe4 5.Nxe4 Bb7 6.Bb5+ c6 7.Bd3 Qc7 8.Nf3 Nd7
9.O-O Ngf6 10.Nxf6+ gxf6 11.Qe2 Bd6 12.Bd2 O-O-O 13.b4 Rhg8 14.h3 f5 15.c4 c5
16.bxc5 bxc5 17.d5 Rde8 18.Qd1 Nf6 19.Qa4 Ne4 20.Rab1 f6 21.Ba5 Rxg2+ 22.Kh1
Reg8 23.Bxc7 Bxc7 24.Rxb7 {#r} 1-0

[Event "It (open)"]
[Site "masterchessopen.com – Znojmo (Czech Republic)"]
[Date "2004.05.17"]
[Round "3"]
[White "Svanda Josef (CZE)"]
[Black "Vrana Frantisek (CZE)"]
[Result "1-0"]
[WhiteElo "2157"]
[BlackElo "2271"]

1.e4 e6 2.d4 d5 3.Nd2 b6 4.Bd3 Ba6 5.c4 dxc4 6.Nxc4 Qxd4 7.Be3 Bb4+ 8.Kf1 Qd7
9.Qb3 Nc6 10.Rd1 Rd8 11.Nf3 Na5 12.Qxb4 Nxc4 13.Ke2 Nxe3 14.Bxa6 Nxd1 15.Ne5
Qd6 16.Bb5+ Kf8 17.Rxd1 c5 18.Rxd6 Rxd6 19.Qa3 {#r} 1-0

[Event "It (open)"]
[Site "masterchessopen.com – Nis (Yugoslavia)"]
[Date "2004.07.04"]
[Round "8"]
[White "Kraguljac Pero (SRB)"]
[Black "Vasic Zarko (SRB)"]
[Result "1-0"]
[WhiteElo "2190"]
[BlackElo "2091"]

1.e4 e6 2.d4 d5 3.Nd2 Ne7 4.Bd3 Nd7 5.Ne2 b6 6.e5 Bb7 7.O-O c5 8.c3 Nc6 9.Nf3
Be7 10.Re1 O-O 11.g3 f6 12.Nf4 Qc8 13.exf6 Bxf6 14.Nxe6 Re8 15.Bf4 Rxe6
16.Rxe6 Nf8 17.Re1 cxd4 18.cxd4 h6 19.Rc1 Qg4 20.Be2 Qh3 21.Ne5 Nxe5 22.Bxe5
Qe6 23.Bg4 {#r} 1-0

[Event "It (open)"]
[Site "masterchessopen.com – Brno (Czech Republic)"]
[Date "2004.07.06"]
[Round "4"]
[White "Sadilek Peter (AUT)"]
[Black "Vesely Jaromir (CZE)"]
[Result "1-0"]
[WhiteElo "2042"]
[BlackElo "2119"]

1.e4 e6 2.d4 d5 3.Nd2 f5 4.exf5 exf5 5.Ngf3 Nf6 6.Bd3 Bd6 7.O-O O-O 8.Re1 Ne4
9.c4 c6 10.Ne5 Nd7 11.cxd5 cxd5 12.Qb3 Nxe5 13.dxe5 Bxe5 14.Nxe4 fxe4 15.Bxe4
Bxh2+ 16.Kh1 Kh8 17.Qxd5 Bd7 18.Qh5 {#r} 1-0

[Event "Memorial Karl Mala (open)"]
[Site "masterchessopen.com – Frankfurt (Germany)"]
[Date "2004.07.24"]
[Round "4"]
[White "Fedorchuk Sergey A (UKR)"]
[Black "Bonsen Andreas (GER)"]
[Result "1-0"]
[WhiteElo "2557"]
[BlackElo "2045"]

1.e4 e6 2.d4 d5 3.Nd2 f5 4.exf5 exf5 5.Ndf3 Nf6 6.Ne5 Bd6 7.Bd3 O-O 8.Ngf3 c5
9.c3 cxd4 10.cxd4 Nc6 11.Nxc6 bxc6 12.O-O Ne4 13.Qc2 Bd7 14.b3 Qe8 15.Bb2 Qh5
16.Ne5 Rf6 17.Qe2 Qxh2+ 18.Kxh2 {#r} 1-0

[Event "It (open)"]
[Site "masterchessopen.com – Plancoet (France)"]
[Round "8"]
[White "Istratescu Andrei (ROM)"]
[Black "Bodenez Vincent (FRA)"]
[Result "1-0"]
[WhiteElo "2611"]
[BlackElo "2231"]

1.e4 e6 2.d4 d5 3.Nd2 Be7 4.e5 c5 5.Qg4 g5 6.Qh5 Nc6 7.Ndf3 cxd4 8.Nh3 Qc7
9.Nhxg5 Bxg5 10.Bxg5 Nxe5 11.Nxd4 Bd7 12.O-O-O h6 13.Bb5 Bxb5 14.Nxb5 Qb6
15.Bf4 Qxb5 16.Bxe5 Rh7 17.Rhe1 Rc8 18.Bc3 Ne7 19.Rxe6 {#r} 1-0

[Event "Ch Europe (juniors) (under 14)"]
[Site "masterchessopen.com – Urgup (Turkey)"]
[Date "2004.08.04"]
[Round "6"]
[White "Perman Evgeniy (RUS)"]
[Black "Leniart Arkadiusz (POL)"]
[Result "0-1"]
[WhiteElo "2096"]
[BlackElo "2235"]

1.e4 e6 2.d4 d5 3.Nd2 a6 4.c3 c5 5.exd5 exd5 6.Bd3 c4 7.Bc2 Bd6 8.b3 cxb3
9.axb3 Ne7 10.Ngf3 O-O 11.O-O Bf5 12.c4 Bxc2 13.Qxc2 Nbc6 14.Re1 Ng6 15.Nf1
Nh4 16.Ng5 Ng6 17.h4 Nxd4 18.Qc3 Nc6 19.Bb2 d4 20.Qh3 h6 21.Ne4 Bb4 22.Rad1
Nxh4 23.Rd3 Ng6 24.g3 f5 {#R} 0-1

[Event "It (open)"]
[Site "masterchessopen.com – Washington (USA)"]
[Date "2004.08.27"]
[Round "2"]
[White "Shaw Tenzing (USA)"]
[Black "Belorusov Mikhail (USA)"]
[Result "0-1"]
[WhiteElo "2154"]
[BlackElo "2322"]

1.e4 e6 2.d4 d5 3.Nd2 f5 4.exd5 exd5 5.Ngf3 Nf6 6.Ne5 Be7 7.Ndf3 O-O 8.Bg5 Ne4
9.Bxe7 Qxe7 10.c3 Nd7 11.Be2 Ng5 12.O-O Nxf3+ 13.Bxf3 Nxe5 14.dxe5 c6 15.Qd4
Be6 16.h3 Qc7 17.Rad1 a6 18.Rfe1 Rae8 19.Rd2 Re7 20.g3 g5 21.Bd1 Rg7 22.f4 Qe7
23.Kh2 g4 24.Qe3 {#R} 0-1

[Event "It (open) \"]
[Site "masterchessopen.com – Burbank (USA)"]
[Date "2004.09.04"]
[Round "1"]
[White "Roberts Chris (USA)"]
[Black "Taylor Timothy (USA)"]
[Result "0-1"]
[WhiteElo "1882"]
[BlackElo "2291"]

1.e4 e6 2.d4 d5 3.Nd2 Be7 4.Ngf3 Nf6 5.e5 Nfd7 6.Bd3 c5 7.c3 Nc6 8.b3 f6 9.Qe2
O-O 10.O-O cxd4 11.cxd4 fxe5 12.dxe5 Nc5 13.Bb2 Nb4 14.Bb1 b6 15.Rd1 Ba6
16.Qe3 Rc8 17.Ne4 Ncd3 18.Neg5 Nxb2 19.Bxh7+ Kh8 20.Rd4 Rxf3 21.Nxf3 Kxh7
22.Rxb4 Bxb4 23.Ng5+ Kg8 24.Qf4 Qe7 25.Qh4 Bd3 {#R} 0-1